Fill in the 'F' Words Quiz Stats

 Plays Quiz Updated Aug 19, 2014

Support Sporcle.
Go Orange.
Score 0/87 Timer 05:00
2 Plays Today
Clue 'F' Word % Correct
Harrison ____
“Star Wars“ actor
Ford
97.6%
“I Still Haven't _____ What I'm Looking For“
U2 song
Found
95.9%
Pink _____
Dark Side of the Moon band
Floyd
92.7%
Modern ______
TV sitcom
Family
91.7%
Hawaii ____-O
TV action series
Five
91.4%
_____ Sinatra
Crooner, actor
Frank
89.8%
Light My ____
The Doors song
Fire
87.3%
______ Night Lights
Movie / TV drama series
Friday
87.2%
My ____ Lady
Musical / film
Fair
86.7%
____ Here to Eternity
Novel / Film
From
86.4%
Morgan _______
“Shawshank Redemption“ actor
Freeman
86.1%
_______ Gump
Tom Hanks film
Forrest
85.9%
_______
Chandler, Joey, Monica, Phoebe, Rachel & Ross
Friends
85.4%
Dakota _______
Actress, “Twilight Saga“
Fanning
83.1%
One ____ Over the Cuckoo's Nest
Novel / movie
Flew
83%
Megan ___
“Transformers“ actress
Fox
82.1%
Jodie ______
“Silence of the Lambs“ actress
Foster
80.1%
Lord of the _____
William Golding novel
Flies
79.1%
Measure ___ Measure
Shakespeare play
For
79%
______ and Geeks
Short-lived TV series
Freaks
78.4%
_________ Mac
“Go Your Own Way“ band
Fleetwood
77.7%
Animal ____
George Orwell novel
Farm
77.2%
Willy Wonka and the Chocolate _______
Gene Wilder movie
Factory
77.1%
_______ on the Roof
Musical / film
Fiddler
76.9%
_____ Hill
Female country singer, “Breathe“
Faith
76.3%
Back to the ______
Michael J. Fox trilogy
Future
76.1%
Pulp _______
Quentin Tarantino film
Fiction
74.9%
____ Astaire
Dancer, actor, singer
Fred
74.2%
Born on the ______ of July
Tom Cruise movie
Fourth
74.1%
Clue 'F' Word % Correct
F. Scott __________
“The Great Gatsby“ author
Fitzgerald
73.7%
Dance of the Sugar Plum _____
from Tchaikovsky's “Nutcracker“
Fairy
72.6%
_________ Four
Reed & Susan Richards, Johnny Storm & Ben Grimm
Fantastic
70.6%
The Fast and the _______
Vin Diesel film
Furious
70.1%
Four Weddings and a _______
Hugh Grant movie
Funeral
67.7%
Will _______
Comic actor, SNL, “Elf“
Ferrell
65%
Saturday Night _____
John Travolta film
Fever
64.5%
Colin _____
“The King's Speech“ actor
Firth
63.4%
Aretha ________
“Respect“ singer
Franklin
62.9%
The Bride of ____________
Classic 1935 horror film
Frankenstein
62.3%
Who ______ Roger Rabbit
Bob Hoskins movie
Framed
61.8%
Jamie ____
Singer / Actor, “Ray“
Foxx
57.5%
______ Whitaker
Actor, “Last King of Scotland“
Forest
56.3%
The Maltese ______
Film noir classic
Falcon
54.8%
A ________ to Arms
Ernest Hemingway novel
Farewell
54.5%
Henry _____
Actor, father of Jane & Peter
Fonda
54.1%
My Left ____
Daniel Day-Lewis film
Foot
53.6%
James ______
Actor, “127 Hours“
Franco
53.3%
Aqua Teen Hunger _____
Animated TV series
Force
52.1%
____ Out Boy
“This Ain't a Scene, It's an Arms Race“ band
Fall
50.7%
The ______ Connection
Gene Hackman movie
French
50.2%
Nelly _______
“I'm Like A Bird“, “Promiscuous“ singer
Furtado
49.8%
Carrie ______
“Star Wars“ actress, author
Fisher
49.5%
A _____ of Seagulls
“I Ran (So Far Away)“ band
Flock
48.9%
_____ Gordon
Sci-fi movie hero
Flash
46.7%
_______ Goes To Hollywood
UK band, “Relax“
Frankie
46.1%
Sally _____
Actress, “Norma Rae“, Brothers & Sisters
Field
45.2%
Grand ____ Railroad
“We're An American Band“ band
Funk
44.8%
The Magic _____
Mozart opera
Flute
44.2%
Clue 'F' Word % Correct
“______ You“
Cee Lo Green song
Forget
43.8%
“_____ Time Ever I Saw your Face“
Roberta Flack song
First
43.8%
____ Dunaway
Actress, “Network“, “Bonnie & Clyde“
Faye
43.4%
Tears for _____
“Mad World“, “Shout“ band
Fears
42.9%
The Sound and the ____
William Faulkner novel
Fury
42.4%
_______ Henderson
“Brady Bunch“ mom
Florence
42.3%
_____ Schubert
Classical music composer
Franz
42.1%
A ___ Good Men
Jack Nicholson film
Few
42%
____ Times at Ridgemont High
Sean Penn movie
Fast
42%
“Together _______
Rick Astley song
Forever
41.9%
Colin _______
Actor, “Phone Booth“, “In Bruges“
Farrell
41.8%
Ralph ______
Actor, “The English Patient“
Fiennes
40.5%
______ Towers
UK sitcom starring John Cleese
Fawlty
39.9%
“I Gotta _______
Black Eyed Peas song
Feeling
38.5%
“Don't ____ the Reaper“
Blue Oyster Cult song
Fear
37.1%
“I Feel ____
Beatles #1 hit
Fine
37%
___ Wray
“King Kong“ actress
Fay
35.7%
Marky Mark and the _____ Bunch
“Good Vibrations“ band
Funky
31.1%
The _____ of Life
1980s sitcom
Facts
30.7%
The ____ Monster
Lady Gaga album
Fame
30.4%
___*East Movement
'Like a G6' band
Far
29.7%
______ Eleven
“Paralyzer“, “One Thing“ band
Finger
29.5%
Peter ____
Actor, “Columbo“
Falk
28.2%
____ Moon Fever
Tom Petty album
Full
25.9%
So Long and Thanks for All the ____
Douglas Adams novel
Fish
21.1%
_________ Wake
James Joyce novel
Finnegans
19.4%
The Three _____ of Eve
Joann Woodward film
Faces
19.2%
Horse _______
Marx Brothers comedy
Feathers
18.1%
“______ Figure“
George Michael song
Father
14.6%

You're not logged in!

Compare scores with friends on all Sporcle quizzes.
OR
Log In

From the Vault

Soccer Players by First Names

by Noldeh

Too bad they don't put first names on jerseys. Makes this a little harder.
Remove Ads.
Support Sporcle.
Get the best of Sporcle when you Go Orange. This ad-free experience offers more features, more stats, and more fun while also helping to support Sporcle. Thank you for becoming a member.

Show Comments

Extras

Top Quizzes Today


Score Distribution

Your Account Isn't Verified!

In order to create a playlist on Sporcle, you need to verify the email address you used during registration. Go to your Sporcle Settings to finish the process.

Report this User

Report this user for behavior that violates our Community Guidelines.

Details: